000
00291 a2200145 4500
001
168960
020
_a
040
_c
Magnum
100
_a
Kerr, Lewis
240
1
0
_a
Mission apollo
_l
ING
245
1
0
_a
Mission apollo
362
0
_a
1899
697
_a
LITERATURA ESTRANGEIRA
942
_c
BK
999
_c
168960
_d
168960